Statistiques concernant Petit bac Harry Potter - O

Cliquez ici pour prendre le quiz!

Statistiques générales

  • Ce quiz a été pris 328 fois
  • Le résultat moyen est 3 sur 7

Statistiques - réponses

ThèmeMot% Correct
PersonnageDolores Ombrage / Garrick Ollivander / Bob Ogden / Dr Oubbly
91%
SortilègeOubliettes / Obscuro / Oculus Reparo / Oppugno / Orbis / Orchideus
71%
Groupe de personnesOrdre du Phénix
63%
CréatureObscurus / Occamy / Opalœil des antipodes
29%
ObjetŒuf d'or / Oreilles à rallonge / Œil magique d'Alastor Maugrey / Or de farfadet
10%
LieuObscurus Books / Ollivander - Fabricants de baguettes magiques / Orphelinat Wool
8%
Potion / Ingrédient de potionsPotion Oculus / Ongle de griffon
3%

Distribution des résultats

Percentile par nombre de réponses

% des personnes avec chaque résultat

Votre développement - résultats

Vous n’avez pas pris ce quiz